000 00670nam a2200229Ia 4500
003 GCL
008 140319s9999 xx 000 0 ara d
040 _aGCL /
_cGCL
082 0 4 _a410
_bع ع
100 1 _aعبدالغفار حامد هلال
245 1 0 _aعلم اللغة بين القديم والجديد /
_cعبدالغفار حامد هلال
260 _a[S.N] :
_bمطبعة الجبلاوى ،
_c1986
300 _a390 ص
490 _a
650 0 4 _aتاريخ
650 0 4 _aالنحو
650 0 4 _aالاصوات اللغوية
650 0 4 _aاللغة العربية
650 0 4 _aالفاظ
650 0 4 _aاللهجات
942 _2ddc
_cBK
999 _c29116
_d29116